La palabra de Cristo: repertorio orgánico de textos para el estudio de las homilías dominicales y festivas

Kaydedildi:
Detaylı Bibliyografya
Yazar: Herrera Oria, Angel (Yazar)
Materyal Türü: Kitap
Dil:İspanyolca
Baskı/Yayın Bilgisi: Madrid Biblioteca de Autores Cristianos 1953
Edisyon:1a. ed
Seri Bilgileri:Verbum Vitae
Konular:
Etiketler: Etiketle
Etiket eklenmemiş, İlk siz ekleyin!

MARC

LEADER 00000cam a2200000 a 4500
001 UCE4388
003 CL-VaPUC
008 141023e19530000sp |||||||||||||||||spa|d
082 0 4 |a 251  |b HER  |2 21 
100 |a Herrera Oria, Angel  |e author  |9 576957 
245 1 3 |a La palabra de Cristo: repertorio orgánico de textos para el estudio de las homilías dominicales y festivas 
250 |a 1a. ed 
300 |a t 
942 |c BK 
945 |d 20141023 15:21:00  |a dcastane 
260 |a Madrid  |b Biblioteca de Autores Cristianos  |c 1953 
500 |a t.1: Adviento y Navidad 
500 |a t.2: Epifanía a Cuaresma 
500 |a t.3: Cuaresma y tiempo de Pasión 
500 |a t.4: Ciclo Pascual 
500 |a t.5: Pentecostés 1 
500 |a t.6: Pentecostés 2 
500 |a t.7: Pentecostés 3 
500 |a t.8: Pentecostés 4 
500 |a t.9: Fiestas 1 
500 |a t.10: Fiestas 2 
650 0 |a Homilías  |9 366132 
650 0 |a Homilética  |9 478090 
650 0 |a Predicación  |9 398079 
650 0 |a Textos sagrados   |9 257605 
650 0 |a Biblia  |9 257603 
650 0 |a Oratoria  |9 307605 
583 |a last modification  |c 20141023 15:21:00  |k Rodrigo Vera 
490 0 |a Verbum Vitae 
999 |c 357371  |d 357369 
952 |0 0  |1 0  |3 erd  |4 0  |6 251_000000000000000_HER_1953  |7 0  |8 P  |9 465277  |a BIBTEO  |b BIBTES  |c TEO_FTES  |h t.1  |i 5119227  |o 251 HER 1953  |p 5119227  |r 2024-01-18  |w 2019-11-23  |y BK  |z Catalogado en:20141023  |k ICR 
952 |0 0  |1 0  |3 erd  |4 0  |6 251_000000000000000_HER_1953  |7 0  |8 P  |9 465278  |a BIBTEO  |b BIBTES  |c TEO_FTES  |h t.2  |i 5119235  |o 251 HER 1953  |p 5119235  |r 2024-01-18  |w 2019-11-23  |y BK  |z Catalogado en:20141023  |k ICR 
952 |0 0  |1 0  |3 erd  |4 0  |6 251_000000000000000_HER_1953  |7 0  |8 P  |9 465279  |a BIBTEO  |b BIBTES  |c TEO_FTES  |h t.3  |i 5119243  |o 251 HER 1953  |p 5119243  |r 2024-01-18  |w 2019-11-23  |y BK  |z Catalogado en:20141023  |k ICR 
952 |0 0  |1 0  |3 erd  |4 0  |6 251_000000000000000_HER_1953  |7 0  |8 P  |9 465280  |a BIBTEO  |b BIBTES  |c TEO_FTES  |h t.4  |i 5119251  |o 251 HER 1953  |p 5119251  |r 2024-01-18  |w 2019-11-23  |y BK  |z Catalogado en:20141023  |k ICR 
952 |0 0  |1 0  |3 erd  |4 0  |6 251_000000000000000_HER_1953  |7 0  |8 P  |9 465281  |a BIBTEO  |b BIBTES  |c TEO_FTES  |h t.5  |i 511926K  |o 251 HER 1953  |p 511926K  |r 2024-01-18  |w 2019-11-23  |y BK  |z Catalogado en:20141023  |k ICR 
952 |0 0  |1 0  |3 erd  |4 0  |6 251_000000000000000_HER_1953  |7 0  |8 P  |9 465282  |a BIBTEO  |b BIBTES  |c TEO_FTES  |h t.6  |i 5119278  |o 251 HER 1953  |p 5119278  |r 2024-01-18  |w 2019-11-23  |y BK  |z Catalogado en:20141023  |k ICR 
952 |0 0  |1 0  |3 erd  |4 0  |6 251_000000000000000_HER_1953  |7 0  |8 P  |9 465283  |a BIBTEO  |b BIBTES  |c TEO_FTES  |h t.7  |i 5119286  |o 251 HER 1953  |p 5119286  |r 2024-01-18  |w 2019-11-23  |y BK  |z Catalogado en:20141023  |k ICR 
952 |0 0  |1 0  |3 erd  |4 0  |6 251_000000000000000_HER_1953  |7 0  |8 P  |9 465284  |a BIBTEO  |b BIBTES  |c TEO_FTES  |h t.8  |i 5119294  |o 251 HER 1953  |p 5119294  |r 2024-01-18  |w 2019-11-23  |y BK  |z Catalogado en:20141023  |k ICR 
952 |0 0  |1 0  |3 erd  |4 0  |6 251_000000000000000_HER_1953  |7 0  |8 P  |9 465285  |a BIBTEO  |b BIBTES  |c TEO_FTES  |h t.9  |i 5119308  |o 251 HER 1953  |p 5119308  |r 2024-01-18  |w 2019-11-23  |y BK  |z Catalogado en:20141023  |k ICR 
952 |0 0  |1 0  |3 erd  |4 0  |6 251_000000000000000_HER_1953  |7 0  |8 P  |9 465286  |a BIBTEO  |b BIBTES  |c TEO_FTES  |h t.10  |i 5119316  |o 251 HER 1953  |p 5119316  |r 2024-01-18  |w 2019-11-23  |y BK  |z Catalogado en:20141023  |k ICR